LEADER 02784nam1 2200481 i 450 001 RMS0041048 005 20251003044343.0 100 $a20130527g2007 ||||0itac50 ba 101 | $aita$cita 102 $ait 181 1$6z01$ai $bxxxe 182 1$6z01$an 183 1$6z01$anc$2RDAcarrier 200 1 $aDiritto internazionale privato e processuale$fFranco Mosconi, Cristina Campiglio 210 $aTorino$cUTET giuridica$d2007- 215 $a volumi$d24 cm 463 1$1001BVE0686733$12001 $aˆVol. 1: ‰Parte generale e obbligazioni$fFranco Mosconi, Cristina Campiglio$v1 463 1$1001CFI0775736$12001 $aˆVol. 2: ‰Statuto personale e diritti reali$fFranco Mosconi, Cristina Campiglio$v2 463 1$1001MIL1116947$12001 $aˆVol. 1: ‰Parte generale e obbligazioni$fFranco Mosconi, Cristina Campiglio$v1 463 1$1001PAV0017394$12001 $aˆVol. 1: ‰Parte generale e obbligazioni$fFranco Mosconi, Cristina Campiglio$v1 463 1$1001PAV0115795$12001 $aˆVol. 2: ‰Statuto personale e diritti reali$fFranco Mosconi, Cristina Campiglio$v2 463 1$1001PAV0134038$12001 $aˆVol. 1: ‰Parte generale e obbligazioni$fFranco Mosconi, Cristina Campiglio$v1 463 1$1001PAV0205502$12001 $aˆVolume 2: ‰Statuto personale e diritti reali$fFranco Mosconi, Cristina Campiglio$v2 463 1$1001RMS2918891$12001 $aˆVol. 2: ‰Statuto personale e diritti reali$fFranco Mosconi, Cristina Campiglio$v2 463 1$1001UFE1026668$12001 $aˆVol. 1: ‰Parte generale e obbligazioni$fFranco Mosconi, Cristina Campiglio$v1 463 1$1001URB0612261$12001 $aˆ1: ‰Parte generale e contratti$fFranco Mosconi, Cristina Campiglio$v1 463 1$1001URB0900988$12001 $aˆVol. 1: ‰Parte generale e obbligazioni$fFranco Mosconi, Cristina Campiglio$v1 463 1$1001URB0965321$12001 $aˆVol. 1: ‰Parte generale e obbligazioni$fFranco Mosconi, Cristina Campiglio$v1 500 10$aDiritto internazionale privato e processuale$3CFI1019541$9SBNV010194$92833356 676 $a340.9$9CONFLITTO DI LEGGI$v21 676 $a340.9$9CONFLITTO DI LEGGI (DIRITTO INTERNAZIONALE PRIVATO)$v22 700 1$aMosconi$b, Franco$f <1936-2021>$3SBNV010194$4070$01221856 701 1$aCampiglio$b, Cristina$3CFIV102635$4070$0231579 801 3$aIT$bIT-000000$c20130527 850 $aIT-BN0095 901 $bNAP 01$cD $n$ 901 $bNAP 01$cLTCAL $n$ 912 $aRMS0041048 950 1$aBiblioteca Centralizzata di Ateneo$d 01D (S) 000 681$bv. 1$cv. 1$d 01D (S) 000 682$d 01LTCAL (S) 3 B 323$d 01LTCAL (S) 3 B 324 967 $m12 977 $a 01 996 $aDiritto internazionale privato e processuale$92833356 997 $aUNISANNIO